<?xml version="1.0" encoding="UTF-8"?><?xml-stylesheet type="text/xsl" href="static/style.xsl"?><OAI-PMH xmlns="http://www.openarchives.org/OAI/2.0/" xmlns:xsi="http://www.w3.org/2001/XMLSchema-instance" xsi:schemaLocation="http://www.openarchives.org/OAI/2.0/ http://www.openarchives.org/OAI/2.0/OAI-PMH.xsd"><responseDate>2026-06-07T05:54:35Z</responseDate><request verb="GetRecord" identifier="oai:riuma.uma.es:10630/30768" metadataPrefix="marc">https://riuma.uma.es/rest/oai/request</request><GetRecord><record><header><identifier>oai:riuma.uma.es:10630/30768</identifier><datestamp>2026-02-03T11:02:59Z</datestamp><setSpec>com_10630_2254</setSpec><setSpec>col_10630_37953</setSpec></header><metadata><record xmlns="http://www.loc.gov/MARC21/slim" xmlns:dcterms="http://purl.org/dc/terms/" xmlns:doc="http://www.lyncode.com/xoai" xmlns:xsi="http://www.w3.org/2001/XMLSchema-instance" xsi:schemaLocation="http://www.loc.gov/MARC21/slim http://www.loc.gov/standards/marcxml/schema/MARC21slim.xsd">
   <leader>00925njm 22002777a 4500</leader>
   <datafield ind2=" " ind1=" " tag="042">
      <subfield code="a">dc</subfield>
   </datafield>
   <datafield ind2=" " ind1=" " tag="720">
      <subfield code="a">Crespo Guerrero, José Manuel</subfield>
      <subfield code="e">author</subfield>
   </datafield>
   <datafield ind2=" " ind1=" " tag="720">
      <subfield code="a">Casado Izquierdo, José María</subfield>
      <subfield code="e">author</subfield>
   </datafield>
   <datafield ind2=" " ind1=" " tag="260">
      <subfield code="c">2024-02-29</subfield>
   </datafield>
   <datafield ind2=" " ind1=" " tag="520">
      <subfield code="a">En 2018, México se posicionó como el segundo país del mundo en capturas de pulpo, siendo el estado de Yucatán el mayor productor del país. La investigación se interesa por develar si los mecanismos productivos del pulpo yucateco son extractivistas y por reconocer el papel que funge la Unión Europea en su posible desarrollo al ser su principal importador. Para ello se revisaron fuentes bibliográficas y hemerográficas, y se analizaron datos pesqueros oficiales. También se aplicaron dos tipos de cuestionarios semiestructurados en tres trabajos de campo: uno para pescadores y otro para responsables de plantas comercializadoras. Los resultados mostraron que en el sector pulpero del estado de Yucatán se emplean algunos mecanismos propios del extractivismo. Estos son impulsados por el peso del mercado internacional, especialmente la Unión Europea, que indirectamente fomenta dinámicas que vulneran las normas pesqueras y ambientales, propiciando tensiones y conflictos socioambientales.</subfield>
   </datafield>
   <datafield ind1="8" ind2=" " tag="024">
      <subfield code="a">Crespo Guerrero, J.M., y Casado Izquierdo, J.M. (2023). Pesca y comercialización del pulpo en Yucatán: ¿un proceso extractivista impulsado por la Unión Europea? Revista Geográfica Venezolana, 64(2), 1-22.</subfield>
   </datafield>
   <datafield ind1="8" ind2=" " tag="024">
      <subfield code="a">2244-8853</subfield>
   </datafield>
   <datafield ind1="8" ind2=" " tag="024">
      <subfield code="a">https://hdl.handle.net/10630/30768</subfield>
   </datafield>
   <datafield ind1="8" ind2=" " tag="024">
      <subfield code="a">10.53766/RGV</subfield>
   </datafield>
   <datafield tag="653" ind2=" " ind1=" ">
      <subfield code="a">Pesca - México - Aspectos económicos</subfield>
   </datafield>
   <datafield ind2="0" ind1="0" tag="245">
      <subfield code="a">Pesca y comercialización del pulpo en Yucatán: ¿un proceso extractivista impulsado por la Unión Europea?</subfield>
   </datafield>
</record>
</metadata></record></GetRecord></OAI-PMH>